Outer Banks - Statistics

General Stats
  • This quiz has been taken 939 times
  • The average score is 5 of 15
Answer Stats
Hint Answer % Correct
Who tried to break John B out of jail? JJ
75%
What is John B's secret name? Vlad
71%
What is Sarah's secret name? Val
70%
Who saves JJ from Drowning in the last episode? Kiara
64%
What is the name of Luke's boat? The Phantom
54%
What is the opening song of season 1 Left Hand Free
35%
What almost killed Pope? Wasps
29%
What was the the release date of season 2? July 30
21%
What is the name of S2E1 The Gold
16%
What is the name of S1E5? Midsummers
13%
What was the release date of season 1? April 15
9%
How long does it take to watch Outer Banks? 8 hours
5%
When will they start filming season 3? January 2022
3%
What does JJ stand for? Nothing
3%
What did JJ want on the flag of Poguelandia? Surfing Chicken
3%
No matching quizzes found
Score Distribution
Percent of People with Each Score
Percentile by Number Answered
Your Score History
You have not taken this quiz